Loading...
| History - Other | 1 | 1 | 0 | 1 | 25 | 67 | 91.50 | 1 | 2 | 6.79 | 19.44 |
| Social Science | 2 | 0 | 2 | 0 | 20 | 51 | 51.50 | 2 | 2 | 13.17 | 22.22 |
| Mythology | 0 | 3 | 2 | 2 | 20 | 127 | 133.33 | 0 | 1 | 0.25 | 8.33 |
| Fine Arts - Other | 1 | 0 | 0 | 0 | 15 | 75 | 75.00 | 1 | 1 | 4.40 | 10.00 |
| Literature - American | 1 | 0 | 0 | 0 | 15 | 79 | 79.00 | 1 | 1 | 4.40 | 10.00 |
| History - World | 0 | 1 | 0 | 0 | 10 | 125 | 125.00 | 0 | 1 | 0.07 | 2.27 |
| Fine Arts - Visual | 0 | 1 | 0 | 0 | 10 | 95 | 95.00 | 0 | 1 | 3.54 | 5.00 |
| Literature - European | 0 | 1 | 0 | 0 | 10 | 132 | 132.00 | 1 | 1 | 0.70 | 10.00 |
| Geography | 0 | 1 | 0 | 0 | 10 | 128 | 128.00 | 1 | 1 | 1.25 | 33.33 |
| Popular Culture | 0 | 1 | 0 | 0 | 10 | 113 | 113.00 | 1 | 1 | 15.04 | 100.00 |
| Science - Physics | 0 | 1 | 0 | 1 | 10 | 131 | 131.00 | 0 | 1 | 0.22 | 5.00 |
| History - European | 0 | 1 | 0 | 0 | 10 | 110 | 110.00 | 0 | 1 | 0.09 | 2.50 |
| Science - Chemistry | 0 | 1 | 0 | 1 | 10 | 88 | 88.00 | 1 | 1 | 2.61 | 10.00 |
| Religion | 0 | 1 | 2 | 0 | 0 | 112 | 112.00 | 0 | 1 | 1.08 | 8.33 |
| Science - Biology | 0 | 0 | 1 | 0 | -5 | 0.00 | 0 | 0 | 0.00 | 0.00 |